000 00481pab a2200169 454500
008 180718b2008 xxu||||| |||| 00| 0 eng d
100 _aCho, Wendy K. Tam
245 _aEmanating political participation: untangling the spatial structure behind participation
260 _c2008
300 _ap.273-89.
362 _aApr
650 _aPolitical participation
700 _aRudolph, Thomas J.
773 _aBritish Journal of Political Science
908 _aN
909 _a79331
999 _c79331
_d79331